Deutsch für Führungskräfte im Tourismus
Gespeichert in:
| 1. Verfasser: | |
|---|---|
| Format: | Buch |
| Sprache: | Deutsch Slowakisch |
| Veröffentlicht: |
Banská Bystrica
Univerzita Mateja Bela v Banskej Bystrici. Ekonomická fakulta
2012
|
| Schriftenreihe: | Eruditio Mores Futurum
|
| Schlagworte: | |
| Tags: |
Keine Tags, Fügen Sie das erste Tag hinzu!
|
MARC
| LEADER | 00000nam a2200000 4500 | ||
|---|---|---|---|
| 001 | 0180342 | ||
| 005 | 20240226122207.3 | ||
| 020 | |a 978-80-557-0324-4 | ||
| 041 | 0 | |a ger | |
| 041 | 0 | |a slo | |
| 044 | |a SK | ||
| 245 | 1 | 0 | |a Deutsch für Führungskräfte im Tourismus |c Miriam Olejárová |
| 264 | 1 | |a Banská Bystrica |b Univerzita Mateja Bela v Banskej Bystrici. Ekonomická fakulta |c 2012 | |
| 300 | |a 133 s. | ||
| 490 | 1 | |a Eruditio Mores Futurum | |
| 830 | 0 | |a Eruditio Mores Futurum | |
| 610 | 2 | 0 | |a jazykoveda |
| 610 | 2 | 0 | |a terminológia |
| 610 | 2 | 0 | |a jazyky cudzie |
| 610 | 2 | 0 | |a nemčina |
| 610 | 2 | 0 | |a turistika |
| 610 | 2 | 0 | |a komunikácia |
| 610 | 2 | 0 | |a ruch cestovný |
| 610 | 2 | 0 | |a štúdie prípadové |
| 100 | 1 | |a Olejárová, Miriam | |